Vybrané problémy rodových rozdielov na Slovensku bakalárska práca

Uložené v:
Podrobná bibliografia
Hlavný autor: Maťašová, Jana, 1999-
Korporativný autor: Podnikovohospodárska fakulta EU so sídlom v Košiciach. Katedra ekonómie
Ďalší autori: Duľová Spišáková, Emília, 1983-
Médium: Kniha
Jazyk:Slovak
Vydavateľské údaje: Košice 2022
Tagy: Pridať tag
Žiadne tagy, Buďte prvý, kto otaguje tento záznam!

MARC

LEADER 00000nbm a2200000 4500
001 0286476
005 20240827093225.1
041 0 |a slo 
044 |a SK 
245 1 0 |a Vybrané problémy rodových rozdielov na Slovensku  |b bakalárska práca  |c Jana Maťašová ; školiteľ: Emília Duľová Spišáková 
264 1 |a Košice  |c 2022 
300 |a 57 s. 
100 1 |a Maťašová, Jana, 1999- 
700 1 |a Duľová Spišáková, Emília, 1983- 
710 2 |a Podnikovohospodárska fakulta EU so sídlom v Košiciach. Katedra ekonómie